Normal view
MARC view
Entry Topical Term
001 - CONTROL NUMBER
- control field: 29281
003 - CONTROL NUMBER IDENTIFIER
- control field: ENAL
005 - DATE AND TIME OF LATEST TRANSACTION
- control field: 20191117122744.0
008 - FIXED-LENGTH DATA ELEMENTS
- fixed length control field: 191117|| aca||aabn | a|a d
040 ## - CATALOGING SOURCE
- Original cataloging agency: ENAL
- Transcribing agency: ENAL
150 ## - HEADING--TOPICAL TERM
- Topical term or geographic name entry element: Lepidoptera
- General subdivision: Biological control
670 ## - SOURCE DATA FOUND
- Source citation: Work cat.: (ENAL): El-Shafei, Wael Kamal Mohamed 29278, Studies on efficiency of certain methyl bromide alternatives against Ephestia Cautella (Walker) Lepidoptera: Pyralidae, 2015.